First Things: A Monthly Journal of Religion and Public Life

Bibliographic Details
Format: eBook
Language:English
Published: Estados Unidos Institute on Religion and Public Life 2014
Subjects:
Online Access:Acceso restringido

MARC

LEADER 00000nam a22000007a 4500
005 20160128112821.0
007 cr|z|| ||u|
008 160128s19972014-usqn||os|||| 0||| 1eng d
022 |a 1047-5141  
035 |a 2939 
040 |a vLex  
090 |c 5860  |d 5860 
245 1 0 |a First Things: A Monthly Journal of Religion and Public Life  |h [Recurso electrn̤ico] /  |c Institute on Religion and Public Life  
256 |a Servicio en ln̕ea  
260 |a Estados Unidos  |b Institute on Religion and Public Life   |c 2014 
300 |a 1 recurso electrn̤ico  
310 |a Trimestral 
506 1 |a Contenido solo disponible en los productos indicados  |d vLex Global  |d vLex Global (Academic Edition, excluding Law Schools)  |d vLex Global (U.S. Academic Edition, Law Schools)  |d vLex Global (U.S. Academic Edition, excluding Law Schools)  |d vLex Global (Academic Edition, Law Schools) 
650 0 4 |a Diarios y revistas religiosos  |z Estados Unidos 
740 0 |a vLex revistas (servicio en ln̕ea)  
856 4 0 |u http://vlex.com/source/first-things-religion-public-life-2939  |z Acceso restringido  
942 |c REV 
999 0 |a Religious newspapers and periodicals